[Event "CZE-chT1W 1617"]
[Site "Czech Republic"]
[Date "2017.04.09"]
[Round "11.4"]
[White "Mozny, Milos"]
[Black "Londyn, Radek"]
[Result "0-1"]
[WhiteElo "2287"]
[BlackElo "2422"]
[PlyCount "80"]
[EventDate "2016.10.16"]
[EventType "team-tourn"]
[EventRounds "11"]
[EventCountry "CZE"]
[SourceTitle "CBM 177 Extra"]
[Source "ChessBase"]
[SourceDate "2017.04.27"]
[SourceVersion "1"]
[SourceVersionDate "2017.04.27"]
[SourceQuality "1"]
[WhiteTeam "Hradec Kralove Slavia"]
[BlackTeam "Vysehrad"]
[WhiteTeamCountry "CZE"]
[BlackTeamCountry "CZE"]

1. d4 d5 2. Nf3 Nf6 3. c4 e6 4. g3 Bb4+ 5. Nbd2 0-0 6. Bg2 b6 7. 0-0 Bb7 8. Ne5 a5 9. cxd5 exd5 10. Ndc4 Na6 11. Bg5 Be7 12. Ne3 h6 13. Bxf6 Bxf6 14. N5g4 Be7 15. Nf5 Re8 16. Rc1 Bf8 17. Ne5 g6 18. Ne3 c5 19. dxc5 Nxc5 20. Nd3 Ne4 21. Qa4 h5 22. Rfd1 Bh6 23. Nf4 Bxf4 24. gxf4 Nxf2 25. Nxd5 Nxd1 26. Qxe8+ Qxe8 27. Nf6+ Kf8 28. Nxe8 Bxg2 29. Nc7 Rd8 30. Kxg2 Nxb2 31. Rc2 Na4 32. Kf3 Ke7 33. e4 Rd3+ 34. Ke2 Rh3 35. Rc4 Rxh2+ 36. Ke3 Rxa2 37. e5 h4 38. f5 Ra3+ 39. Kd4 Nb2 40. Rc2 Rd3+ 0-1

[Event "CZE-chT 1617"]
[Site "Czech Republic"]
[Date "2017.02.26"]
[Round "8.3"]
[White "Studnicka, Tomas"]
[Black "Londyn, Radek"]
[Result "0-1"]
[WhiteElo "2328"]
[BlackElo "2422"]
[PlyCount "110"]
[EventDate "2016.10.08"]
[EventType "team-tourn"]
[EventRounds "11"]
[EventCountry "CZE"]
[SourceTitle "CBM 177 Extra"]
[Source "ChessBase"]
[SourceDate "2017.04.27"]
[SourceVersion "1"]
[SourceVersionDate "2017.04.27"]
[SourceQuality "1"]
[WhiteTeam "Tatran Litovel"]
[BlackTeam "Lysa nad Labem II"]
[WhiteTeamCountry "CZE"]
[BlackTeamCountry "CZE"]

1. c4 e6 2. Nc3 d5 3. cxd5 exd5 4. d4 Bb4 5. a3 Bxc3+ 6. bxc3 Nf6 7. Nf3 c5 8. g3 0-0 9. Bg2 Ne4 10. Bb2 cxd4 11. Nxd4 Nd7 12. Qc2 Re8 13. 0-0 Nb6 14. Rab1 Bd7 15. f3 Ba4 16. Qc1 Nd6 17. Qf4 Nbc4 18. Bc1 Bd7 19. e4 f6 20. h4 Qa5 21. Rb3 Rac8 22. g4 Qc5 23. g5 fxg5 24. Qxg5 dxe4 25. fxe4 b6 26. Re1 Na5 27. Rb1 Nf7 28. Qxc5 Rxc5 29. Re3 Rec8 30. Ne2 Rh5 31. Bf3 Rxh4 32. e5 Re8 33. Bd5 Be6 34. Rb4 Nc4 35. Bxc4 Rxc4 36. Nd4 Bd5 37. Nf5 Kf8 38. Rxc4 Bxc4 39. Nd6 Nxd6 40. exd6 Rxe3 41. Bxe3 Kf7 42. Kf2 Ke6 43. Bf4 Bb5 44. Ke3 Kf5 45. Bh2 g5 46. c4 Bc6 47. Kd4 h5 48. c5 b5 49. d7 Bxd7 50. Kd5 h4 51. Bc7 g4 52. Bd8 h3 53. Bc7 a5 54. c6 Bxc6+ 55. Kxc6 b4 0-1

[Event "CZE-chT 1617"]
[Site "Czech Republic"]
[Date "2017.02.25"]
[Round "7.3"]
[White "Londyn, Radek"]
[Black "Antoniewski, Rafal"]
[Result "0-1"]
[WhiteElo "2422"]
[BlackElo "2540"]
[PlyCount "150"]
[EventDate "2016.10.08"]
[EventType "team-tourn"]
[EventRounds "11"]
[EventCountry "CZE"]
[SourceTitle "CBM 177 Extra"]
[Source "ChessBase"]
[SourceDate "2017.04.27"]
[SourceVersion "1"]
[SourceVersionDate "2017.04.27"]
[SourceQuality "1"]
[WhiteTeam "Lysa nad Labem II"]
[BlackTeam "Frydek Mistek"]
[WhiteTeamCountry "CZE"]
[BlackTeamCountry "CZE"]

1. d4 g6 2. e4 Bg7 3. Nc3 c6 4. f4 d5 5. e5 Nh6 6. Nf3 Qb6 7. Be2 Bg4 8. Ng5 Bxe2 9. Nxe2 c5 10. dxc5 Qxc5 11. Nd4 Nc6 12. c3 Nxd4 13. cxd4 Qc4 14. Nf3 Rc8 15. Bd2 0-0 16. Qe2 Nf5 17. Qxc4 Rxc4 18. b3 Rc2 19. Kd1 Rfc8 20. g4 Nh6 21. h3 f5 22. g5 Nf7 23. Ne1 R2c7 24. Nd3 Nd8 25. Ke2 e6 26. a4 Bf8 27. Ke3 Rc2 28. h4 Nc6 29. Rac1 Nd8 30. Rxc2 Rxc2 31. h5 gxh5 32. Rxh5 Nc6 33. Rh1 a6 34. Ra1 Kf7 35. b4 Rc4 36. b5 Nxd4 37. bxa6 Nc2+ 38. Kf2 bxa6 39. Rh1 Kg8 40. a5 Na3 41. Ra1 Rc2 42. Ke1 Nc4 43. Bc1 Be7 44. Kd1 Rc3 45. Ke2 Rb3 46. Bd2 Rb5 47. Rh1 Bf8 48. Rg1 Kf7 49. Rh1 Kg6 50. Rg1 Rb3 51. Ra1 Rb5 52. Bc3 h6 53. gxh6 Kxh6 54. Rh1+ Kg6 55. Rg1+ Kf7 56. Rh1 Bg7 57. Rg1 Rb3 58. Be1 Bf8 59. Rh1 Nb2 60. Nc1 Rb5 61. Rh7+ Bg7 62. Rh3 Rc5 63. Bc3 Rc4 64. Bxb2 Rc2+ 65. Kd1 Rxb2 66. Rc3 Bf8 67. Rc6 Bb4 68. Rxa6 Rd2+ 69. Ke1 Rc2+ 70. Kd1 Rd2+ 71. Ke1 d4 72. Ra7+ Kg6 73. Rd7 d3 74. a6 Re2+ 75. Kd1 Re1# 0-1

[Event "CZE-chT1W 1617"]
[Site "Czech Republic"]
[Date "2017.01.08"]
[Round "5.1"]
[White "Londyn, Radek"]
[Black "Cap, Adam"]
[Result "1-0"]
[WhiteElo "2422"]
[BlackElo "2288"]
[PlyCount "77"]
[EventDate "2016.10.16"]
[EventType "team-tourn"]
[EventRounds "11"]
[EventCountry "CZE"]
[SourceTitle "CBM 177 Extra"]
[Source "ChessBase"]
[SourceDate "2017.04.27"]
[SourceVersion "1"]
[SourceVersionDate "2017.04.27"]
[SourceQuality "1"]
[WhiteTeam "Vysehrad"]
[BlackTeam "Neratovice"]
[WhiteTeamCountry "CZE"]
[BlackTeamCountry "CZE"]

1. d4 Nf6 2. Bf4 d5 3. e3 Bf5 4. c4 c6 5. Qb3 Qb6 6. Nc3 e6 7. c5 Qxb3 8. axb3 Nfd7 9. b4 f6 10. Nf3 g5 11. Bg3 h5 12. h3 Kf7 13. Be2 Bg7 14. b5 Kg6 15. b6 a6 16. Nd2 e5 17. Nb3 Nf8 18. Na5 Bc8 19. b4 exd4 20. exd4 f5 21. Be5 Bxe5 22. dxe5 Nbd7 23. 0-0 Nxe5 24. b5 d4 25. bxa6 bxa6 26. Na4 Rh7 27. Rfd1 Ne6 28. Bc4 Nf4 29. Rxd4 Nxc4 30. Rxc4 Be6 31. Rxf4 gxf4 32. Nxc6 Kf6 33. Nd4 Rd8 34. Nxe6 Kxe6 35. c6 Rg8 36. Rc1 Rhg7 37. c7 Rxg2+ 38. Kh1 Rxf2 39. b7 1-0

[Event "CZE-chT 1617"]
[Site "Czech Republic"]
[Date "2016.12.12"]
[Round "9.4"]
[White "Londyn, Radek"]
[Black "Stocek, Jiri"]
[Result "1/2-1/2"]
[WhiteElo "2422"]
[BlackElo "2556"]
[PlyCount "104"]
[EventDate "2016.10.08"]
[EventType "team-tourn"]
[EventRounds "11"]
[EventCountry "CZE"]
[SourceTitle "CBM 177 Extra"]
[Source "ChessBase"]
[SourceDate "2017.04.27"]
[SourceVersion "1"]
[SourceVersionDate "2017.04.27"]
[SourceQuality "1"]
[WhiteTeam "Lysa nad Labem II"]
[BlackTeam "Lysa nad Labem"]
[WhiteTeamCountry "CZE"]
[BlackTeamCountry "CZE"]

1. d4 Nf6 2. Nf3 b6 3. Bf4 Bb7 4. e3 e6 5. Nbd2 Nh5 6. Bg5 Be7 7. Bxe7 Qxe7 8. g3 0-0 9. Bg2 f5 10. 0-0 Nf6 11. Ne1 Bxg2 12. Nxg2 c5 13. c3 Nc6 14. Qa4 Rab8 15. dxc5 Qxc5 16. Nb3 Qe5 17. Nd4 Nxd4 18. Qxd4 Qc7 19. Rfd1 Rbc8 20. a4 Rfd8 21. Ne1 Ne4 22. Kg2 d6 23. f3 Nf6 24. Qd3 Qb7 25. Nc2 a6 26. Nd4 Re8 27. Kf2 g6 28. Nc2 d5 29. Kg1 Nd7 30. Qf1 Ne5 31. Qe2 Nc4 32. Ra2 Rcd8 33. Nb4 a5 34. Nc2 e5 35. Na3 Nd6 36. Raa1 Qc6 37. Nb5 Nxb5 38. axb5 Qc5 39. Kg2 f4 40. e4 dxe4 41. fxe4 Rf8 42. Rxd8 Rxd8 43. Rd1 Rxd1 44. Qxd1 Qxb5 45. Qd8+ Kf7 46. Qc7+ Ke6 47. Qc8+ Qd7 48. Qg8+ Kf6 49. Qh8+ Ke6 50. Qg8+ Kf6 51. Qh8+ Ke6 52. Qg8+ Kf6 1/2-1/2

[Event "CZE-chT 1617"]
[Site "Czech Republic"]
[Date "2016.12.10"]
[Round "3.5"]
[White "Vyskocil, Neklan"]
[Black "Londyn, Radek"]
[Result "1/2-1/2"]
[WhiteElo "2332"]
[BlackElo "2422"]
[PlyCount "119"]
[EventDate "2016.10.08"]
[EventType "team-tourn"]
[EventRounds "11"]
[EventCountry "CZE"]
[SourceTitle "CBM 177 Extra"]
[Source "ChessBase"]
[SourceDate "2017.04.27"]
[SourceVersion "1"]
[SourceVersionDate "2017.04.27"]
[SourceQuality "1"]
[WhiteTeam "Brno Duras"]
[BlackTeam "Lysa nad Labem II"]
[WhiteTeamCountry "CZE"]
[BlackTeamCountry "CZE"]

1. d4 d5 2. c4 e6 3. Nc3 Nf6 4. Bf4 dxc4 5. e3 Nd5 6. Bxc4 Nxf4 7. exf4 Bd6 8. g3 0-0 9. Nf3 b6 10. 0-0 Bb7 11. Bd3 Nd7 12. Be4 Bxe4 13. Nxe4 Nf6 14. Nxf6+ Qxf6 15. Qe2 Rfd8 16. Rfd1 Qf5 17. Ne5 Bxe5 18. dxe5 h5 19. Rac1 c5 20. Qf3 Qg4 21. Qxg4 hxg4 22. f3 gxf3 23. Kf2 Kf8 24. Kxf3 Ke7 25. Ke4 g6 26. h3 Rac8 27. g4 Rh8 28. Rc3 c4 29. Rdc1 b5 30. b3 cxb3 31. axb3 Rxc3 32. Rxc3 Kd7 33. b4 a5 34. bxa5 Ra8 35. Ra3 Kc6 36. h4 b4 37. Ra1 Kb5 38. Kd3 Rd8+ 39. Kc2 Kc4 40. a6 b3+ 41. Kb2 Kb4 42. Rh1 Rd2+ 43. Kb1 Ra2 44. h5 gxh5 45. gxh5 Rxa6 46. h6 Ra8 47. h7 Rh8 48. Kb2 Kc4 49. Rh4 Kd3 50. Kxb3 Ke4 51. Kc4 Kf5 52. Kc5 Kg6 53. Rg4+ Kh6 54. Kd6 Rxh7 55. Rg1 Rg7 56. Rh1+ Kg6 57. Ke7 Rg8 58. Rg1+ Kh7 59. Rh1+ Kg6 60. Rg1+ 1/2-1/2